Efecto de la acetilación en la movilidad de agua en maderas nativas guanacaste, teca, melina y cedro maría
Сохранить в:
| Главный автор: | |
|---|---|
| Формат: | |
| Язык: | Spanish |
| Опубликовано: |
San José, Costa Rica
2015
|
| Предметы: | |
| Метки: |
Добавить метку
Нет меток, Требуется 1-ая метка записи!
|
MARC
| LEADER | 00000nam a22000007a 4500 | ||
|---|---|---|---|
| 003 | 012308 | ||
| 005 | 20221231144028.0 | ||
| 008 | 151211b2015 cr a|||| |||| 00| | spa d | ||
| 040 | |c cru CEDI | ||
| 090 | |a TFG 7472 | ||
| 100 | |9 2552 |a Vega Rodríguez, Mariana | ||
| 245 | |a Efecto de la acetilación en la movilidad de agua en maderas nativas guanacaste, teca, melina y cedro maría | ||
| 260 | |a San José, Costa Rica |c 2015 | ||
| 500 | |a Proyecto de graduación (licenciatura en ingeniería química)--Universidad de Costa Rica. Facultad de Ingeniería. Escuela de Ingeniería Química | ||
| 650 | |x ACETILACION - PRUEBAS |x REACCIONES QUIMICAS |x ANALISIS QUIMICO DE LA MADERA |x MADERA - PRUEBAS |x INGENIERÍA QUÍMICA - EXPERIMENTOS CEDROS |x MELINA |x TECA |x MADERA - COSTA RICA |9 2553 | ||
| 942 | |c TFG | ||
| 999 | |c 15828 |d 15828 | ||
